000 00340nam a2200145Ia 4500
008 230917s9999||||xx |||||||||||||| ||und||
040 _e40420
_aMAIN
041 _aEnglish
082 _a822.09 H391H
100 _aHenn, T R
245 4 _aThe harvest of tragedy
260 _aLondon
_bMethuen
_c1966
300 _axv, 304 p.
942 _cBK
999 _c190285
_d190285